Presentación del libro "La nueva economía liberal" de Lucas Beltrán (Record no. 4569)

MARC details
000 -LEADER
campo de control de longitud fija 01152njm a2200277 i 4500
001 - NÚMERO DE CONTROL
campo de control 4569
003 - IDENTIFICADOR DE NÚMERO DE CONTROL
campo de control ES-MaACL
005 - FECHA Y HORA DE LA ÚLTIMA TRANSACCIÓN
campo de control 20250728095140.0
007 - CAMPO FIJO DE DESCRIPCIÓN FÍSICA--INFORMACIÓN GENERAL
campo de control de longitud fija s|r|||||||||||
008 - DATOS DE LONGITUD FIJA--INFORMACIÓN GENERAL
campo de control de longitud fija 041207s1982 sp ||| g ||||||||1|nspa d
245 00 - MENCIÓN DEL TÍTULO
Título Presentación del libro "La nueva economía liberal" de Lucas Beltrán
Medio [Grabación sonora] /
Mención de responsabilidad, etc. intervienen Fernando Chueca Goitia, Pedro Schwartz, Jaime Suárez y Lucas Beltrán.
260 ## - PUBLICACIÓN, DISTRIBUCIÓN, ETC.
Lugar de publicación, distribución, etc. Madrid :
Nombre del editor, distribuidor, etc. Ateneo de Madrid,
Fecha de publicación, distribución, etc. 1982.
300 ## - DESCRIPCIÓN FÍSICA
Extensión 1 disco (CD-DA) (29 min. 41 seg.) ;
Dimensiones 12 cm.
500 ## - NOTA GENERAL
Nota general Datos basados en invitación.
518 ## - NOTA DE FECHA/HORA Y LUGAR DE UN ACONTECIMIENTO
Nota de fecha/hora y lugar de un acontecimiento Acto organizado por el Ateneo de Madrid, grabado en el miércoles 24 de noviembre de 1982, a las 19:30 h.
610 24 - PUNTO DE ACCESO ADICIONAL DE MATERIA--NOMBRE DE ENTIDAD CORPORATIVA
Nombre de entidad corporativa o nombre de jurisdicción como elemento de entrada Ateneo de Madrid-
Subdivisión general Actos culturales-
Subdivisión cronológica 1982-
Subdivisión de forma Grabaciones sonoras.
9 (RLIN) 1895
650 #7 - PUNTO DE ACCESO ADICIONAL DE MATERIA--TÉRMINO DE MATERIA
Término de materia o nombre geográfico como elemento de entrada Liberalismo económico
Fuente del encabezamiento o término embne
9 (RLIN) 135483
700 1# - ENTRADA AGREGADA--NOMBRE PERSONAL
Nombre de persona Chueca Goitia, Fernando,
Fechas asociadas al nombre 1911-2004
9 (RLIN) 38688
700 1# - ENTRADA AGREGADA--NOMBRE PERSONAL
Nombre de persona Schwartz, Pedro.
9 (RLIN) 104874
700 1# - ENTRADA AGREGADA--NOMBRE PERSONAL
Nombre de persona Suárez, Jaime.
9 (RLIN) 108564
700 1# - ENTRADA AGREGADA--NOMBRE PERSONAL
Nombre de persona Beltrán, Lucas.
9 (RLIN) 27346
710 2# - ENTRADA AGREGADA--NOMBRE DE ENTIDAD CORPORATIVA
Nombre de entidad corporativa o nombre de jurisdicción como elemento de entrada Ateneo de Madrid.
9 (RLIN) 1875
852 ## - LOCALIZACIÓN
Ubicación ES-MaACL
Número de control de estantería ROT 4/7/19
itemnumber 4686
Ubicación en estantería Rotativo
942 ## - ELEMENTOS DE ENTRADA SECUNDARIOS (KOHA)
Fuente del sistema de clasificación o colocación Clasificación decimal universal
Holdings
Estatus retirado Estado de pérdida Fuente del sistema de clasificación o colocación Estado de daño No para préstamo Colección Biblioteca de origen Biblioteca actual Ubicación en estantería Fecha de adquisición Total de préstamos Signatura topográfica completa Código de barras Visto por última vez Precio de reemplazo Tipo de ítem Koha
    Clasificación decimal universal     Archivo de la palabra Biblioteca del Ateneo de Madrid Biblioteca del Ateneo de Madrid Rotativo 17/01/2008   ROT 4/7/19 1004632 23/02/2023 23/02/2023 Archivo de ordenador en CD-ROM, CD o disquete